00754 2200277 4500001002100000005001700021008004100038035002400079082001000103090001700113100004600130245005100176260002600227300002100253500003000274650004900304850001500353980001200368985000600380999001500386999001500401999001500416999001500431999001500446999001500461YOGYA-0209000002500620090227023919.0 ind  0010-020900000025006 a320.5 a320.5bBad P aBADAN PEMBINAAN PENDIDIKAN PELAKSANAAN P4 aPesan-pesan simulasi P4 untuk Perguruan Tinggi aYogyakartabBP7c1997 a... jilidc21 cm aYang diterima : jl. 1,2,3 aPedoman Penghayatan dan Pengamalan Pancasila aYOPDYOG(B) aJanuari a6 a06A0014095 a06A0014096 a06A0014097 a06A0014098 a06A0014099 a06A0014100